000 00316nam a22001337a 4500
008 171009b xxu||||| |||| 00| 0 eng d
020 _a9780827360945
041 _aeng
080 _a159.9
100 _a49
101 _aPSI
245 _aINFACTS TOODLERS CURRICULUM AND TEACHING
_cWILSON.L.C
942 _2udc
_cBK
999 _c32467
_d32467